00726nam a22002297a 4500003001100000005001700011008004100028020001500069040003900084041000800123082001300131100002100144245006700165260004600232300001100278490002400289650003500313650003800348942000700386952008800393999001500481LK-CoMWRAF20240503111840.0240503b2004 |||||||| |||| 00| 0 eng d a9556070419 aLK-CoMWRAFdLK-CoMWRAFeLK-CoMWRAF aeng a375bLIY aLiyanage, Kamala aschool based understanding of human rights and gender equality aColombo:bFriedrich Ebert Stiftung,c2004 a120 p. aFES publicationv59 aSCHOOL CURRICULUM-Human rights aSCHOOL CURRICULUM-Gender equality cBK 00104070aMAINbMAINd2024-05-03l0o375 LIYpRAF5243r2024-05-03w2024-05-03yBK c4886d4886